Click Every Landlocked Country On A Map - Statistics

General Stats
  • This quiz has been taken 59 times
  • The average score is 31 of 44
Answers on the Map
Answers color-coded by a green-red scale on the quiz's map according to % correct below.
 
Answer Stats
Answer % Correct
Bolivia
93%
Mongolia
88%
Paraguay
88%
Afghanistan
86%
Bhutan
83%
Laos
83%
Armenia
81%
Austria
81%
Azerbaijan
81%
Chad
81%
Kazakhstan
81%
Nepal
81%
Botswana
79%
Czech Republic
79%
Zambia
79%
Burkina Faso
76%
Hungary
76%
Kyrgyzstan
76%
Central African Republic
74%
Eswatini
74%
Malawi
74%
Serbia
74%
Belarus
71%
Ethiopia
71%
Mali
71%
Switzerland
71%
Uzbekistan
71%
Burundi
69%
Lesotho
69%
Moldova
69%
North Macedonia
69%
South Sudan
69%
Zimbabwe
69%
Niger
67%
Rwanda
67%
Slovakia
67%
Turkmenistan
67%
Tajikistan
64%
Uganda
64%
Luxembourg
57%
Andorra
31%
Liechtenstein
31%
San Marino
26%
Vatican City
12%
No matching quizzes found
Score Distribution
Percent of People with Each Score
Percentile by Number Answered
Your Score History
You have not taken this quiz